书目信息 |
| 题名: |
中国香云纱
|
|
| 作者: | 李健明 著 ;郭淑梅 , 张苏雯 译 | |
| 分册: | ||
| 出版信息: | 广州 世界图书出版广东有限公司 2019 |
|
| 页数: | 237页 | |
| 开本: | 24cm | |
| 丛书名: | ||
| 单 册: | ||
| 中图分类: | TS190.63 | |
| 科图分类: | ||
| 主题词: | 绞纱--jiao sha--染整--介绍--中国--中文--英文 | |
| 电子资源: | ||
| ISBN: | 978-7-5192-1381-7 | |
| 000 | 01027nam0 2200289 45 | |
| 001 | 012001000036 | |
| 005 | 20131104154407.0 | |
| 010 | @a978-7-5192-1381-7@dCNY68.00 | |
| 099 | @aCAL 012017088841 | |
| 100 | @a20170605d2016 ekmy0chiy50 ea | |
| 101 | 0 | @achi@aeng |
| 102 | @aCN@b440000 | |
| 105 | @aa a 000yy | |
| 106 | @ar | |
| 200 | 1 | @a中国香云纱@Azhong guo xiang yun sha@d= Chinese Xiangyunsha@f李健明著@g郭淑梅, 张苏雯译@zeng |
| 210 | @a广州@c世界图书出版广东有限公司@d2019 | |
| 215 | @a237页@c彩图@d24cm | |
| 320 | @a有书目 | |
| 330 | @a本书以中英对照与彩色照片相结合形式,图文并茂地深度叙述香云纱的前世今生,希望通过这种方式去展现这一古老技艺在大时代中的独特风采与未来的无限空间。 | |
| 510 | 1 | @aChinese Xiangyunsha@zeng |
| 606 | 0 | @a绞纱@Ajiao sha@x染整@x介绍@y中国@x中文@x英文 |
| 690 | @aTS190.63@v5 | |
| 701 | 0 | @a李健明@Ali jian ming@4著 |
| 702 | 0 | @a郭淑梅@Aguo shu mei@4译 |
| 702 | 0 | @a张苏雯@Azhang su wen@4译 |
| 801 | 0 | @aCN@b北京卓展文化@c20191020 |
| 905 | @b1195126-9@dTS190.63@e10@f4 | |
| 中国香云纱= Chinese Xiangyunsha/李健明著/郭淑梅, 张苏雯译.-广州:世界图书出版广东有限公司,2019 |
| 237页:彩图;24cm |
| ISBN 978-7-5192-1381-7:CNY68.00 |
| 本书以中英对照与彩色照片相结合形式,图文并茂地深度叙述香云纱的前世今生,希望通过这种方式去展现这一古老技艺在大时代中的独特风采与未来的无限空间。 |
| ● |
| 相关链接 |
|
|
|
|
正题名:中国香云纱
索取号:TS190.63/10
 
预约/预借
| 序号 | 登录号 | 条形码 | 馆藏地/架位号 | 状态 | 备注 |
| 1 | 1195126 | 211951262 | 第二样本阅览室/ [索取号:TS190.63/10] | 在馆 | |
| 2 | 1195127 | 211951271 | 第三借阅区/ [索取号:TS190.63/10] | 在馆 | |
| 3 | 1195128 | 211951280 | 第三借阅区/ [索取号:TS190.63/10] | 在馆 | |
| 4 | 1195129 | 211951299 | 第三借阅区/ [索取号:TS190.63/10] | 在馆 |